<?xml version="1.0" encoding="UTF-8"?>
<collection xmlns="http://www.loc.gov/MARC21/slim">
    <record>
        <controlfield tag="001">98680</controlfield>
        <controlfield tag="005">20210211114117.0</controlfield>
        <datafield tag="037" ind1=" " ind2=" ">
            <subfield code="a">TAZ-TFM-2020-331</subfield>
        </datafield>
        <datafield tag="041" ind1=" " ind2=" ">
            <subfield code="a">spa</subfield>
        </datafield>
        <datafield tag="100" ind1="1" ind2=" ">
            <subfield code="a">Sánchez Asensio, Patricia</subfield>
        </datafield>
        <datafield tag="242" ind1="0" ind2="0">
            <subfield code="a">Tweeting Quijote: a current approach to the most outstanding classic of Spanish literature</subfield>
        </datafield>
        <datafield tag="245" ind1="0" ind2="0">
            <subfield code="a">Tuiteando el Quijote: una aproximación actual al clásico más destacado de la literatura española</subfield>
        </datafield>
        <datafield tag="260" ind1=" " ind2=" ">
            <subfield code="a">Zaragoza</subfield>
            <subfield code="b">Universidad de Zaragoza</subfield>
            <subfield code="c">2020</subfield>
        </datafield>
        <datafield tag="506" ind1=" " ind2=" ">
            <subfield code="a">by-nc-sa</subfield>
            <subfield code="b">Creative Commons</subfield>
            <subfield code="c">3.0</subfield>
            <subfield code="u">http://creativecommons.org/licenses/by-nc-sa/3.0/</subfield>
        </datafield>
        <datafield tag="520" ind1=" " ind2=" ">
            <subfield code="a">En el presente Trabajo Fin de Máster se muestra una puesta en práctica de un Proyecto de Innovación sobre la adaptación del clásico más destacado de la literatura española, el Quijote, a través de la red social Twitter en la etapa de la Educación Secundaria Obligatoria. Para estudiar esta materia se han llevado a cabo diferentes líneas de investigación: en primer lugar, la adaptación y actualización de los clásicos en el aula, donde diversos autores reseñan en contra y a favor sobre la reelaboración del Quijote; en segundo lugar, se mostrarán los diferentes trabajos que se han realizado a través de Twitter sobre la primera novela moderna en la historia de la literatura española; en tercer lugar, nos enfocaremos en el humor y la ironía que caracterizan a la obra a través de las diferentes voces del Cervantes creador, sin olvidar la importancia de acercar el humor al aula. Y, por último, la trascendencia de la escritura creativa digital en la didáctica de la Literatura que permite una aproximación de nuestros alumnos al texto en sí. En el Proyecto de Innovación Educativa nos centraremos en la necesidad que coexiste en el aula de aunar las redes sociales con los clásicos literarios, como es en este caso, la novela El ingenioso hidalgo don Quijote de la Mancha. Con esta propuesta de trabajo que está fundamentada en la adaptación de algunos fragmentos escogidos de la obra a la red social Twitter, teniendo presente el humor y la ironía que los caracterizan, pretendemos reflexionar como docentes acerca de la importancia de aproximar la lectura de los clásicos, tan costosa para nuestros adolescentes, en un entorno mucho más cotidiano y creativo.&lt;br /></subfield>
        </datafield>
        <datafield tag="521" ind1=" " ind2=" ">
            <subfield code="a">Máster Universitario en Profesorado de Educación Secundaria Obligatoria, Bachillerato, Formación Profesional y Enseñanza de Idiomas, Artísticas y Deportivas</subfield>
        </datafield>
        <datafield tag="540" ind1=" " ind2=" ">
            <subfield code="a">Derechos regulados por licencia Creative Commons</subfield>
        </datafield>
        <datafield tag="700" ind1=" " ind2=" ">
            <subfield code="a">Lanseros Sánchez, Raquel</subfield>
            <subfield code="e">dir.</subfield>
        </datafield>
        <datafield tag="710" ind1="2" ind2=" ">
            <subfield code="a">Universidad de Zaragoza</subfield>
            <subfield code="b">Didáctica de las Lenguas y de las Ciencias Humanas y Sociales</subfield>
            <subfield code="c">Didáctica de la Lengua y la Literatura</subfield>
        </datafield>
        <datafield tag="856" ind1="0" ind2=" ">
            <subfield code="f">680333@unizar.es</subfield>
        </datafield>
        <datafield tag="856" ind1="4" ind2=" ">
            <subfield code="s">1141915</subfield>
            <subfield code="u">http://zaguan.unizar.es/record/98680/files/TAZ-TFM-2020-331.pdf</subfield>
            <subfield code="y">Memoria (spa)</subfield>
        </datafield>
        <datafield tag="909" ind1="C" ind2="O">
            <subfield code="o">oai:zaguan.unizar.es:98680</subfield>
            <subfield code="p">driver</subfield>
            <subfield code="p">trabajos-fin-master</subfield>
        </datafield>
        <datafield tag="950" ind1=" " ind2=" ">
            <subfield code="a"></subfield>
        </datafield>
        <datafield tag="951" ind1=" " ind2=" ">
            <subfield code="a">deposita:2021-02-11</subfield>
        </datafield>
        <datafield tag="980" ind1=" " ind2=" ">
            <subfield code="a">TAZ</subfield>
            <subfield code="b">TFM</subfield>
            <subfield code="c">FEDU</subfield>
        </datafield>
        <datafield tag="999" ind1=" " ind2=" ">
            <subfield code="a">20200630100157.CREATION_DATE</subfield>
        </datafield>
    </record>

    
</collection>